Les accords pétain Churchil: histoire d'une mission secréte

Guardat en:
Dades bibliogràfiques
Autor principal: Rougier, Louis (Autor)
Format: Llibre
Idioma:francès
Publicat: Montreal, Canadá Beauchemin 1945
Matèries:
Etiquetes: Afegir etiqueta
Sense etiquetes, Sigues el primer a etiquetar aquest registre!

MARC

LEADER 00000nam a2200000 a 4500
001 UCO0378
003 CL-VaPUC
005 20230526074335.0
008 000420e19450000CN |||||||||||||||||fre|d
999 |c 287089  |d 287087 
040 |c Pontificia Universidad Católica de Valparaíso 
082 0 4 |a 940.54012 ROU 1945  |2 21 
100 0 |a Rougier, Louis  |e author  |9 441611 
245 1 4 |a Les accords pétain Churchil:  |b  histoire d'une mission secréte 
260 |a Montreal, Canadá  |b Beauchemin  |c 1945 
300 |a 439 páginas 
583 |a last modification  |c 20000420 00:00:00  |k Rodrigo Vera 
600 0 7 |a CHURCHILL, WINSTON S  |2 CL-VaPUC  |9 342458 
650 0 |a Historia de Europa  |9 392003 
650 0 |a Historia contemporánea  |9 343224 
650 0 |a Segunda Guerra Mundial  |9 325982 
650 7 |a MISIONES SECRETAS  |2 CL-VaPUC  |9 441612  |z INGLATERRA  |z FRANCIA 
942 |c BK  |2 ddc 
945 |d 20000420 00:00:00  |a rherrera 
952 |0 0  |1 0  |2 ddc  |4 0  |6 940_540120000000000_ROU_1945  |7 0  |8 X  |9 333498  |a BIBHIS  |b BIBHIS  |d 2019-11-20  |i 1265393  |o 940.54012 ROU 1945  |p 1265393  |r 2024-01-30  |t 1  |w 2019-11-20  |y BK_X  |k HIS